ՀՀ Գիտությունների ազգային ակադեմիայի հիմնարար գիտական գրադարան  =   Fundamental Scientific Library of NAS RA

Материалы для биографического словаря действительных членов Императорской Академии наук (Record no. 430407)

MARC details
000 -LEADER
fixed length control field 00924nam a22002057a 4500
003 - CONTROL NUMBER IDENTIFIER
control field AM-YeHGA
040 ## - CATALOGING SOURCE
Original cataloging agency AM-YeHGA
090 ## - LOCALLY ASSIGNED LC-TYPE CALL NUMBER (OCLC); LOCAL CALL NUMBER (RLIN)
-- 432962
005 - DATE AND TIME OF LATEST TRANSACTION
control field 20250617155321.0
008 - FIXED-LENGTH DATA ELEMENTS--GENERAL INFORMATION
fixed length control field 190423b ||||| |||| 00| 0 rus d
041 0# - LANGUAGE CODE
Language code of text/sound track or separate title rus
245 00 - TITLE STATEMENT
Title Материалы для биографического словаря действительных членов Императорской Академии наук
260 ## - PUBLICATION, DISTRIBUTION, ETC.
Place of publication, distribution, etc. Петроград :
Name of publisher, distributor, etc. Тип. Имп. Акад. наук,
Date of publication, distribution, etc. 1915-
300 ## - PHYSICAL DESCRIPTION
Extent часть
440 #0 - SERIES STATEMENT/ADDED ENTRY--TITLE
Title Императорская Академия наук. 1889-1914
Volume/sequential designation 3
505 0# - FORMATTED CONTENTS NOTE
Miscellaneous information Ч. 1 (1915; 440 с.) :
Title А-Л;
Miscellaneous information Ч. 2 (1917; 335 с.) :
Title М-Я
653 0# - INDEX TERM--UNCONTROLLED
Uncontrolled term Биографические словари действительных членов Императорской Академии наук
653 0# - INDEX TERM--UNCONTROLLED
Uncontrolled term Словари биографические
942 ## - ADDED ENTRY ELEMENTS (KOHA)
Source of classification or shelving scheme Universal Decimal Classification
Koha item type Գրքեր / Books
Holdings
Withdrawn status Lost status Damaged status Not for loan Collection Home library Current library Date acquired Serial enumeration / chronology Total checkouts Full call number Barcode Date last seen Price effective from Koha item type Public note
        General Fundamental Scientific Library Fundamental Scientific Library 23/04/2019 Ч. 1   РД III/12672 FL0574879 23/04/2019 23/04/2019 Գրքեր / Books 30 Days Loan
        General Fundamental Scientific Library Fundamental Scientific Library 23/04/2019 Ч. 2   РД III/12673 FL0574880 23/04/2019 23/04/2019 Գրքեր / Books 30 Days Loan


ՀՀ ԳԱԱ հիմնարար գիտական գրադարան
ՀՀ,Երևան 0019
Մարշալ Բաղրամյան 24/6
հեռախոս:(374-10) 52-47-50
Հետադարձ կապ

All site content, except where otherwise noted, is licensed under a
Creative Commons License